|
|
|
|
| LEADER |
00000naa2a2200000 4500 |
| 001 |
576748 |
| 005 |
20231101130336.0 |
| 035 |
|
|
|a (RuTPU)RU\TPU\prd\275889
|
| 035 |
|
|
|a RU\TPU\tpu\3921
|
| 090 |
|
|
|a 576748
|
| 100 |
|
|
|a 20180302a1959 k y0rusy50 ca
|
| 101 |
0 |
|
|a rus
|
| 102 |
|
|
|a RU
|
| 200 |
1 |
|
|a Применение эмали в качестве междулистовой изоляции в магнитных сердечниках из ленточной электротехнической стали
|f Н. И. Воробьев
|
| 461 |
|
|
|0 (RuTPU)RU\TPU\prd\195
|t Известия вузов. Электромеханика
|d 1958-
|
| 463 |
|
|
|0 (RuTPU)RU\TPU\prd\45080
|t № 1
|v С. 125-131
|d 1959
|
| 610 |
1 |
|
|a труды учёных ТПУ
|
| 700 |
|
1 |
|a Воробьев
|b Н. И.
|
| 801 |
|
0 |
|a RU
|b 63413507
|c 20011210
|g PSBO
|
| 801 |
|
2 |
|a RU
|b 63413507
|c 20180302
|g PSBO
|
| 942 |
|
|
|c BK
|